00281nam a22000977a 4500008004100000082002200041100001900063245004000082260005000122300001100172230626b xxu||||| |||| 00| 0 eng d a338.096bFRA 1982 cMartin Fransan aIndustry and Accumulation in Africa aLondonbHeinemann Educational Books Ltdc1982 aX,438p